00279nam a2200121Ia 4500008004100000082000900041100001800050245002300068600001000091630002300101700001000124730002300134090122s9999 xx 000 0 und d b9771 aBhattbAsmita a"Birbal, The wise" aBhatt a"Birbal, The wise" aBhatt a"Birbal, The wise"